Introduction to Electrical and Electronics Engineering (Record no. 38040)
[ view plain ]
| 000 -LEADER | |
|---|---|
| fixed length control field | 00393nam a22001577a 4500 |
| 082 ## - DEWEY DECIMAL CLASSIFICATION NUMBER | |
| Classification number | 621.3 ANE |
| 100 ## - MAIN ENTRY--AUTHOR NAME | |
| Personal name | Aneesh P Thankachan |
| 100 ## - MAIN ENTRY--AUTHOR NAME | |
| Personal name | Priya A Geevarghese |
| 245 ## - TITLE STATEMENT | |
| Title | Introduction to Electrical and Electronics Engineering |
| 250 ## - EDITION STATEMENT | |
| Edition statement | 1 |
| 260 ## - PUBLICATION, DISTRIBUTION, ETC. (IMPRINT) | |
| Name of publisher | Owl Books |
| Place of publication | Trivandrum |
| Year of publication | 2024 |
| 546 ## - LANGUAGE NOTE | |
| Language note | english |
| 650 ## - SUBJECT ADDED ENTRY--TOPICAL TERM | |
| Topical Term | EEE |
| 942 ## - ADDED ENTRY ELEMENTS (KOHA) | |
| Koha item type | Text Book |
| 952 ## - LOCATION AND ITEM INFORMATION (KOHA) | |
| Damaged status | |
| Not for loan | |
| 952 ## - LOCATION AND ITEM INFORMATION (KOHA) | |
| Damaged status | |
| Not for loan | |
| 952 ## - LOCATION AND ITEM INFORMATION (KOHA) | |
| Damaged status | |
| Not for loan | |
| 952 ## - LOCATION AND ITEM INFORMATION (KOHA) | |
| Damaged status | |
| Not for loan | |
| 952 ## - LOCATION AND ITEM INFORMATION (KOHA) | |
| Damaged status | |
| Not for loan | |
| 952 ## - LOCATION AND ITEM INFORMATION (KOHA) | |
| Damaged status | |
| Not for loan | |
| 952 ## - LOCATION AND ITEM INFORMATION (KOHA) | |
| Damaged status | |
| Not for loan | |
| 952 ## - LOCATION AND ITEM INFORMATION (KOHA) | |
| Damaged status | |
| Not for loan | |
| 952 ## - LOCATION AND ITEM INFORMATION (KOHA) | |
| Damaged status | |
| Not for loan | |
| 952 ## - LOCATION AND ITEM INFORMATION (KOHA) | |
| Damaged status | |
| Not for loan | |
| Withdrawn status | Collection code | Permanent Location | Current Location | Shelving location | Date acquired | Source of acquisition | Cost, normal purchase price | Inventory number | Full call number | Accession Number | Price effective from | Koha item type |
|---|---|---|---|---|---|---|---|---|---|---|---|---|
| Electrical and Electronics Engineering | VAST Central Library | VAST Central Library | S-42/EE | 18/11/2025 | Calicut Books | 350.00 | 17740 | 621.3 ANE | 38133 | 22/11/2025 | Text Book | |
| Electrical and Electronics Engineering | VAST Central Library | VAST Central Library | S-42/EE | 18/11/2025 | Calicut Books | 350.00 | 17740 | 621.3 ANE | 38134 | 22/11/2025 | Text Book | |
| Electrical and Electronics Engineering | VAST Central Library | VAST Central Library | S-42/EE | 18/11/2025 | Calicut Books | 350.00 | 17740 | 621.3 ANE | 38135 | 22/11/2025 | Text Book | |
| Electrical and Electronics Engineering | VAST Central Library | VAST Central Library | S-42/EE | 18/11/2025 | Calicut Books | 350.00 | 17740 | 621.3 ANE | 38136 | 22/11/2025 | Text Book | |
| Electrical and Electronics Engineering | VAST Central Library | VAST Central Library | S-42/EE | 18/11/2025 | Calicut Books | 350.00 | 17740 | 621.3 ANE | 38137 | 22/11/2025 | Text Book | |
| Electrical and Electronics Engineering | VAST Central Library | VAST Central Library | S-42/EE | 18/11/2025 | Calicut Books | 350.00 | 17740 | 621.3 ANE | 38138 | 22/11/2025 | Text Book | |
| Electrical and Electronics Engineering | VAST Central Library | VAST Central Library | S-42/EE | 18/11/2025 | Calicut Books | 350.00 | 17740 | 621.3 ANE | 38139 | 22/11/2025 | Text Book | |
| Electrical and Electronics Engineering | VAST Central Library | VAST Central Library | S-42/EE | 18/11/2025 | Calicut Books | 350.00 | 17740 | 621.3 ANE | 38140 | 22/11/2025 | Text Book | |
| Electrical and Electronics Engineering | VAST Central Library | VAST Central Library | S-42/EE | 18/11/2025 | Calicut Books | 350.00 | 17740 | 621.3 ANE | 38141 | 22/11/2025 | Text Book | |
| Electrical and Electronics Engineering | VAST Central Library | VAST Central Library | 18/11/2025 | Calicut Books | 350.00 | 17740 | 621.3 ANE | 38142 | 22/11/2025 | Text Book |